[Event "Espalion op 2nd"]
[Site "Espalion"]
[Date "2017.07.22"]
[Round "9"]
[White "Moingt, Anne"]
[Black "Crouzet, Emeric"]
[Result "1-0"]
[WhiteElo "2027"]
[BlackElo "1950"]
[PlyCount "61"]
[EventDate "2017.07.15"]
[EventType "swiss"]
[EventRounds "9"]
[EventCountry "FRA"]
[SourceTitle "CBM 179 Extra"]
[Source "ChessBase"]
[SourceDate "2017.08.23"]
[SourceVersion "1"]
[SourceVersionDate "2017.08.23"]
[SourceQuality "1"]

1. e4 c5 2. Nf3 e6 3. d4 cxd4 4. Nxd4 a6 5. Bd3 Qc7 6. 0-0 Nc6 7. Nxc6 bxc6 8. c4 Nf6 9. Qe2 d5 10. Nc3 dxe4 11. Nxe4 Nxe4 12. Qxe4 Bd6 13. h3 Bb7 14. Qh4 c5 15. Be3 Be7 16. Qh5 g6 17. Qh6 Bf6 18. Rab1 Be5 19. b4 cxb4 20. Rxb4 f5 21. Rfb1 Bc6 22. Bb6 Qd7 23. Qe3 Bg7 24. Bc5 Kf7 25. Be2 Qc7 26. Bb6 Qe5 27. Qd2 a5 28. R4b3 h5 29. Rd3 Ke7 30. Bd4 Qe4 31. Bf3 1-0